000 00669nam a2200253Ia 4500
003 OSt
005 20220918205621.0
006 a|||||r|||| 00| 0
007 ta
008 220917b |||||||| |||| 00| 0 eng d
024 _a117,319
037 _cTextual
040 _aARTS
_cARTS
_beng
041 _2eng
_aeng
082 _aV648.N, L4
100 _aEyongetah Tambi
_9115671
245 0 _aHistory of the Cameroon
260 _aLondon
_bLongman
_c1974
300 _avii, 192p. illus
_ccm.
650 _aHISTORY
700 _a Brain Robert
_917936
942 _hV648.N, L4
_cTEXL
_2CC
999 _c240602
_d240602